Sports Quiz

Random Sports or Baseball Quiz

Mets Playoff Participants Quiz Stats

 Plays Quiz not verified by Sporcle

Also try: CFL Teams
Challenge
Share
Tweet
Embed
Score 0/126 Timer 20:00
0 Plays Today
Rank Player % Correct
PlayerKeith Hernandez
90.9%
PlayerAnderson Hernandez
90.9%
Player Jose Reyes
90.3%
PitcherDwight Gooden
89.2%
Player Carlos Beltran
85.7%
PitcherTom Seaver
84.4%
PlayerLenny Dykstra
84.3%
PlayerCleon Jones
83.9%
PlayerRobin Ventura
83.7%
Player Carlos Delgado
82.7%
Player John Olerud
82.5%
PlayerBud Harrelson
81.4%
PlayerEdgardo Alfonzo
80.1%
PlayerTimo Perez
79.2%
PitcherJohn Franco
78.7%
Pitcher Bobby Jones
78.7%
PlayerRay Knight
78%
PitcherJerry Koosman
77.7%
PlayerDarryl Strawberry
77.4%
PlayerRafael Santana
76.7%
PitcherJesse Orosco
76.6%
Pitcher David Cone
76.5%
PlayerMike Piazza
74.9%
PlayerGary Carter
74.5%
Pitcher Tom Glavine
74.3%
PlayerJerry Grote
73%
PitcherArmando Benitez
73%
Player Howard Johnson
72.3%
PlayerBenny Agbayani
72%
Player Rickey Henderson
70.9%
PlayerKevin Mitchell
70.3%
PitcherSid Fernandez
70%
Player Tommie Agee
68.9%
Player Paul LoDuca
68.3%
PlayerTodd Zeile
68.2%
PitcherBilly Wagner
67.7%
Player Shawn Green
67.5%
PlayerMookie Wilson
66.7%
PlayerJulio Franco
66.7%
PlayerDonn Clendenon
66.5%
PlayerKevin McReynolds
66%
Pitcher Bobby Ojeda
66%
Rank Player % Correct
PitcherRon Darling
65.8%
Player Rey Ordonez
63.7%
PlayerWayne Garrett
63%
Pitcher Gary Gentry
62.5%
Pitcher Oliver Perez
62.1%
PlayerTed Martinez
61.7%
Player David Wright
61.5%
PitcherRoger McDowell
59.3%
PitcherAl Leiter
59.3%
PlayerJay Payton
59.1%
Pitcher Roberto Hernandez
57.9%
PlayerJ.C. Martin
57.7%
PitcherRick Reed
57.7%
Player Jose Valentin
57.1%
PitcherAaron Heilman
57.1%
PitcherTug McGraw
57%
Player Endy Chavez
55.7%
PitcherGuillermo Mota
55.2%
PitcherRick Aguilera
54.8%
PlayerRon Swoboda
54.7%
PitcherTurk Wendell
54.7%
PlayerWally Backman
54%
PitcherMike Hampton
53.4%
Player Matt Franco
52.6%
Pitcher John Maine
52.4%
Player Todd Pratt
52.1%
PlayerMike Bordick
51.5%
Player Kevin Elster
51.1%
Player Roger Cedeno
51.1%
PlayerLee Mazzilli
49.2%
Pitcher Darren Oliver
49.2%
Player Ed Kranepool
49.1%
Pitcher Nolan Ryan
49.1%
PlayerTim Teufel
47.5%
Player Rusty Staub
47.4%
PlayerEd Charles
47.3%
PitcherDennis Cook
46.1%
PlayerCliff Floyd
45.9%
Pitcher Rick White
45.7%
PlayerDerek Bell
45.6%
PitcherPedro Feliciano
44.4%
PitcherPat Mahomes
44%
Rank Player % Correct
PlayerBubba Trammell
43%
Player Danny Heep
42%
Player Shawon Dunston
41.5%
PlayerLenny Harris
41.5%
PlayerWillie Mays
41.5%
Pitcher Ron Taylor
40.9%
Player Kurt Abbott
40.7%
PlayerGregg Jefferies
40.5%
PlayerArt Shamsky
38.4%
PlayerMackey Sasser
37.4%
PlayerDave Magadan
36.5%
Pitcher Doug Sisk
36.4%
PlayerRod Gaspar
35.7%
Pitcher Steve Trachsel
35.6%
Player Melvin Mora
35%
PitcherChad Bradford
34.5%
Player Michael Tucker
33.8%
PitcherJon Matlack
33.7%
Pitcher Kenny Rogers
32%
PlayerFelix Millan
31.2%
Pitcher Octavio Dotel
29.8%
PlayerBobby Bonilla
29.3%
PlayerJoe McEwing
29.2%
PlayerJohn Milner
28.8%
Pitcher Orel Hershiser
28.7%
Pitcher George Stone
28.6%
Player Al Weis
28.5%
Player Ken Boswell
28.3%
Pitcher Masato Yoshii
27.9%
PlayerRon Hodges
27.8%
Pitcher Randy Myers
26.2%
PitcherGlendon Rusch
24.6%
Pitcher Terry Leach
24.3%
PlayerDuffy Dyer
24.2%
Pitcher Don Cardwell
22.7%
PlayerDarryl Hamilton
21.4%
PlayerDon Hahn
20.2%
PlayerChris Woodward
20.1%
PlayerJim Beauchamp
18.6%
Pitcher Ray Sadecki
18.4%
PlayerGeorge Theodore
12.3%
Pitcher Harry Parker
11.9%

You're not logged in!

Compare scores with friends on all Sporcle quizzes.
Join for Free
OR
Log In

You Might Also Like...

Show Comments

Extras

Top Quizzes Today


Score Distribution

Your Account Isn't Verified!

In order to create a playlist on Sporcle, you need to verify the email address you used during registration. Go to your Sporcle Settings to finish the process.

Report this User

Report this user for behavior that violates our Community Guidelines.

Details: